000 00634nam a22002537a 4500
003 UA-OsUOA
001 77354
007 ta
008 20110908b un ||||| |||| 00| 0 ukr d
100 _aКошів Я.
090 _a82-92
_bК76
942 _cBK
040 _aUA-OsUOA
_bukr
_cUA-OsUOA
_dUA-OsUOA
245 _aОбезголовлений
300 _a292 с.
955 _a3
041 _aukr
080 _a82-92
020 _a0-9543764-1-2
260 _c2004
246 3 1 _aУбивство журналіста
_n
650 7 _a82 Література. Літературознавство
_2UDC
999 _c363659
_d363659